Chemistry of irrigated soils (Record no. 78202)

MARC details
000 -LEADER
fixed length control field 00599nam a2200133 a 4500
008 - FIXED-LENGTH DATA ELEMENTS--GENERAL INFORMATION
fixed length control field 120416s1984 xx |||||||||||||| || u
050 ## - LIBRARY OF CONGRESS CALL NUMBER
Classification number S 595.5 Che
100 ## - MAIN ENTRY--PERSONAL NAME
Personal name Levy, Rachel
245 10 - TITLE STATEMENT
Title Chemistry of irrigated soils
Statement of responsibility, etc. edited by Rachel Levy
260 ## - PUBLICATION, DISTRIBUTION, ETC.
Date of publication, distribution, etc. 1984
350 ## -
-- 0.00
995 ## -
-- ANNEX COLLECTION (Main Library)
-- 0.00
-- 719245
-- CBU-MAIN LIBRARY (Kitwe)
-- 3
-- 45.50
-- S 595.5 Che
-- 2
-- AVAILABLE
-- 013647
-- Annex Low-Usage Collection
995 ## -
-- ANNEX COLLECTION (Main Library)
-- 0.00
-- 721786
-- CBU-MAIN LIBRARY (Kitwe)
-- 2
-- 45.50
-- S 595.5 Che
-- 3
-- AVAILABLE
-- 013648
-- Annex Low-Usage Collection
999 ## -
-- 78202
-- 78202
Holdings
Withdrawn status Lost status Source of classification or shelving scheme Damaged status Not for loan Permanent Location Current Location Shelving location Date acquired Total Checkouts Full call number Barcode Date last seen Copy number Price effective from Koha item type
          CBU-MAIN LIBRARY, KITWE. CBU-MAIN LIBRARY, KITWE.   05/03/2023   S 595.5 Che 013647 05/03/2023 1 05/03/2023 MONOGRAPH
          CBU-MAIN LIBRARY, KITWE. CBU-MAIN LIBRARY, KITWE.   05/03/2023   S 595.5 Che 013648 05/03/2023 2 05/03/2023 MONOGRAPH